000 00845nam a2200229Ii 4500
003 JO-AjNU
008 230605s9999||||xx |||||||||||||| ||und||
017 _a2009/9/4050
020 _a978-9957-33-198-6
040 _aJO-AjNU
_bara
_erda
_cJO-AjNU
041 _aara
050 1 4 _aG155.A1.H55 2010
100 3 _aالحميري، موفق عدنان عبد الجبار,
_eauthor
_950943
245 0 0 _aأساسيات التمويل والاستثمار في صناعة السياحة = Fundamentals of Funding and Finance For Tourism Industry
250 _aط1
264 3 1 _aعمان: مؤسسة الوراق، 2010
300 _a350ص
_bصور توضيحية
336 _atext
_btxt
_2rdacontent
337 _aunmediated
_bn
_2rdamedia
338 _avolume
_bnc
_2rdacarrier
650 4 _aصناعة السياحة-السياحة
_950944
999 _aA22472
_c26040
_d26040